000 00360nam a2200145Ia 4500
008 230711s9999||||xx |||||||||||||| ||und||
041 _aENG
082 _a624.1762
_bKR-G
100 _aKramer,Steven L.
245 0 _aGeotechnical Earthquake Engineering
250 _a2nd Ed.
260 _c2003
_aNew Delhi
_bPearson
650 _aCivil Engineering
942 _cBK
999 _c4053
_d4053